000 00276nam a22001337a 4500
008 170210b xxu||||| |||| 00| 0 eng d
020 _a9780834211902
041 _aeng
080 _a61
100 _a4
101 _ashm
245 _aBLEEDING EDGE
_cKLEINKE
942 _2udc
_cBK
999 _c5066
_d5066